LEADER 01344nam a2200253 u 4500 001 000000086839 003 CaOOAMICUS 005 20070226124336.0 008 051005m19401941it u000 u ita u 035 $a11061748 040 $aPUL(R)$bita 245 10$aConferenze e letture dantesche /$ctenute a cura del Comitato milanese della società dantesca italiana ; pref. di Giovanni Galbiati. 260 $aMilano :$bU. Hoepli,$c<1940-1941>. 300 $av. <4-5 > ;$c20 cm 505 1 $av. 4 Studi su Dante: Dante nel Risorgimento (G. Mazzoni ... [et al.]). -- v. 5. Studi su Dante (R. Benini...[et al.]). 600 04$aDante Alighieri,$d1265-1321$xCritica e interpretazione.$0(OLS)http://pul/subject/2562 700 1 $aGalbiati, Giovanni,$d1881-1966.$0(OLS)http://pul/name/3617 710 2 $aSocietà dantesca italiana (Milano).$0(OLS)http://pul/name/20809 850 $aPUL 852 $aPUL$W1$xDP1 Fondo Cecchetti$y53$m295 G 29(5)$j110188$nBK-PRI$b $qFondi$B110188$CPULBib$Z2$F110188 $HPUL4121 $81 852 $aPUL$W1$xDP1 Fondo Cecchetti$y53$m296 A 2(4)$j110189$nBK-PRI$b $qFondi$B110189$CPULBib$Z2$F110189 $HPUL4194 $81 941 1 $a1 996 $6245$aConferenze e letture dantesche$9(OLS)http://pul/title/112455 996 $6260$aMilano :$bU. Hoepli$9(OLS)http://pul/publisher/48973 LEADER 01559nam a2200361 a 4500 001 000000168450 003 CaOOAMICUS 005 20180621112808.0 008 180621s1998 it hf u000 u ita r 020 $a88-7030-731-X* 032 $aLibriCat 040 $aPUL$bita 041 1 $aita$heng$agrc 082 04$a226.3 100 1 $aThiede, Carsten Peter,$d1952-$0(OLS)http://pul/name/25550 240 14$aThe earliest Gospel manuscript?$lItaliano.$0(OLS)http://pul/title/208827 245 10$aQumran e i Vangeli :$bi manoscritti della grotta 7 e la nascita del Nuovo Testamento /$cCarsten Peter Thiede. 250 $a3. ed. 260 $aMilano :$bMassimo,$c1998. 300 $a128 p., [4] p. di tav. :$bfacsim. ;$c20 cm. 490 1 $aSorgenti di vita ;$v20 546 $aNelle p. di tav. brani in greco. 630 04$aBiblia.$pN.T.$pMarcus$xCritica testuale.$0(OLS)http://pul/subject/37851 650 4$aPapiri greci.$0(OLS)http://pul/subject/13326 830 0$aSorgenti di vita ;$v20.$0(OLS)http://pul/title/29095 850 $aPUL 852 $aPUL$W1$xSL Religione 3$y85$m226. 3 THICA 1$j191907$qDDC 21$B196357$CPULBib$Z2$F196357 $H131034 $81 941 1 $a9 996 $6020$a88-7030-731-X*$9(OLS)http://pul/number/164425 996 $6082$a226.3$9(OLS)http://pul/classification/700 996 $6245$aQumran e i Vangeli :$bi manoscritti della grotta 7 e la nascita del Nuovo Testamento$9(OLS)http://pul/title/208828 996 $6260$aMilano :$bMassimo$9(OLS)http://pul/publisher/48143